Collection time, dehidration, culture media and environment for germination and storage of Campomanesia guazumifolia (Cambess.) O. Berg. pollen (Registro n. 339479)
[ somente texto ]
| 000 -LÍDER | |
|---|---|
| fixed length control field | 03876nab a2200301 i 4500 |
| 003 - CÓDIGO MARC DA AGÊNCIA CATALOGADORA | |
| Campo de controle | BR-BrBNA |
| 005 - DATA E HORA DA ÚLTIMA ATUALIZAÇÃO | |
| Campo de controle | 20251217175741.0 |
| 008 - CAMPO DE TAMANHO FIXO | |
| fixed length control field | 251217b2021 bl.|r|pooa||| 00| 0 eng | |
| 040 ## - FONTE DA CATALOGAÇÃO | |
| Agência catalogadora | BR-BrBNA |
| Idioma da catalogação | eng |
| 072 ## - CATEGORIA AGRIS | |
| Código AGRIS | F02 |
| Código do objeto | 1190 |
| 100 ## - ENTRADA PRINCIPAL - NOME PESSOAL | |
| Nome pessoal | Guollo, Karina |
| 100 ## - ENTRADA PRINCIPAL - NOME PESSOAL | |
| Nome pessoal | Wagner Junior, Américo |
| 100 ## - ENTRADA PRINCIPAL - NOME PESSOAL | |
| Nome pessoal | Kosera Neto, Carlos |
| 100 ## - ENTRADA PRINCIPAL - NOME PESSOAL | |
| Nome pessoal | Radaelli, Juliana Cristina |
| 100 ## - ENTRADA PRINCIPAL - NOME PESSOAL | |
| Nome pessoal | Keller, Welida Mayara Tomazoni |
| 245 ## - TÍTULO PRINCIPAL | |
| Título principal | Collection time, dehidration, culture media and environment for germination and storage of Campomanesia guazumifolia (Cambess.) O. Berg. pollen |
| 500 ## - NOTA GERAL | |
| Nota geral | Publicação online; 19 ref.; 4 illus.; Summaries (En, Pt) |
| 942 ## - ADDED ENTRY ELEMENTS (KOHA) | |
| Koha item type | Analítica |
| 520 ## - NOTA DE RESUMO | |
| Nota de conteúdo | <br/><br/><br/>Abstract - Sete-capote tree, a neglected species, has great ecological, cultural and potential economic importance, however, studies for this and other native species of the Myrtaceae family are still scarce. The objective of this study was to elucidate aspects of pollen germination and viability of this specie. For the experiment, pollen from flowers in pre and post anthesis was used, which was dehydrated in a chamber containing silica, for different periods. For germination tests, different concentrations of sucrose, boric acid and calcium nitrate were used. After obtaining germination results above 80%, the pollen grains were stored in refrigerator (5 °C), freezer (-17 °C), liquid nitrogen (-147 °C) and natural environment (± 25 °C), evaluating monthly the germination, until total loss of viability. For germination, it was recommend using pollen from flowers in post-anthesis, dehydrated for 24 hours in a silica chamber. The culture medium should contain 12% sucrose (C12H22O11), 10% boric acid (H3BO3) and 20% calcium nitrate (Ca(NO3)2) to obtain high germinative percentages. In addition, pollen presents orthodox behavior and when stored in liquid nitrogen, remains viable for 30 days.<br/><br/><br/><br/>Index terms: native fruit tree; culture medium; Myrtaceae; sete-capote tree. |
| 520 ## - NOTA DE RESUMO | |
| Nota de conteúdo | <br/><br/><br/>Resumo - O sete-capoteiro, espécie negligenciada, apresenta grande importância ecológica e cultural, com grande potencial econômico, todavia, os estudos para essa e demais espécies nativas da família Myrtaceae ainda são escassos. O objetivo deste estudo foi elucidar aspectos da germinação e viabilidade do pólen dessa espécie. Para o experimento, utilizou-se pólen proveniente de flores em pré e pós-antese, o qual foi desidratado em câmara contendo sílica, por diferentes períodos. Para os testes de germinação, utilizaram-se diferentes concentrações de sacarose, de ácido bórico e de nitrato de cálcio. Após obter resultados de germinação acima de 80%, os grãos de pólen foram armazenados em geladeira (5 °C), freezer (-17 °C), nitrogênio líquido (-147 °C) e ambiente natural (± 25 °C), avaliando mensalmente a germinação, até perda total de viabilidade. Para a germinação, recomenda-se a utilização de pólen proveniente de flores em pós-antese, desidratado por 24 horas em câmara de sílica. O meio de cultura deve conter 12% de sacarose, 10% de ácido bórico e 20% de nitrato de cálcio para obtenção de altos percentuais germinativos. Ainda, o pólen apresenta comportamento ortodoxo e, quando armazenado em nitrogênio líquido, permanece viável durante 30 dias.<br/><br/><br/><br/>Termos para indexação: fruteira nativa; meio de cultura; Myrtaceae; sete-capoteiro |
| 650 ## - ASSUNTO - THESAGRO | |
| Cabeçalho tópico ou nome geográfico | GUABIROBA |
| 650 ## - ASSUNTO - THESAGRO | |
| Cabeçalho tópico ou nome geográfico | FRUTA TROPICAL |
| 650 ## - ASSUNTO - THESAGRO | |
| Cabeçalho tópico ou nome geográfico | PÓLEN |
| 650 ## - ASSUNTO - THESAGRO | |
| Cabeçalho tópico ou nome geográfico | MEIO DE CULTURA |
| 773 0# - ENTRADA ANALÍTICA | |
| Host Biblionumber | 805 |
| Registro do item | 317050 |
| Imprenta | Jaboticabal-SP Sociedade Brasileira de Fruticultura 1978 |
| Outro identificador | 2024-3612 |
| Título | Revista Brasileira de Fruticultura (Brazil) |
| ISSN | 0100-2945 |
| Colação | v. 43(1) p. 1-6; (2021) |
| Número de controle de registro | BR2025004752 |
| 856 ## - ACESSO E ENDEREÇO ELETRÔNICO | |
| Identificador uniforme de recurso - URI | https://www.scielo.br/j/rbf/a/8nVt474dL4fYvrDjP3qJ4Xb/?format=pdf&lang=en |
Nenhum exemplar disponível.

BINAGRI